NLSUI OPAC header image

Seminar on women in detention a background note on women in remand homes and prisons (Record no. 36633)

MARC details
000 -LEADER
fixed length control field 00565nam a2200157Ia 4500
008 - FIXED-LENGTH DATA ELEMENTS--GENERAL INFORMATION
fixed length control field 160316s2001 xxu||||| |||| 00| 0 eng d
082 ## - DEWEY DECIMAL CLASSIFICATION NUMBER
Classification number 341.486000
Item number NAT
100 ## - MAIN ENTRY--PERSONAL NAME
Personal name
245 ## - TITLE STATEMENT
Title Seminar on women in detention a background note on women in remand homes and prisons
250 ## - EDITION STATEMENT
Edition statement
260 ## - PUBLICATION, DISTRIBUTION, ETC.
Place of publication, distribution, etc. New Delhi
Name of publisher, distributor, etc. National Commission for Women
Date of publication, distribution, etc. 2001
300 ## - PHYSICAL DESCRIPTION
Extent 27
Other physical details
Dimensions
365 ## - TRADE PRICE
Price amount
650 ## - SUBJECT ADDED ENTRY--TOPICAL TERM
Topical term or geographic name entry element 1. Gravitational forces<br/>2. Power Equation-Prison system<br/>3. Women-demand homes<br/>4. Lacunae complying<br/>5. Categorisation-Inmates<br/>6. Gender sensitization
700 ## - ADDED ENTRY--PERSONAL NAME
Personal name
--
Holdings
Withdrawn status Lost status Damaged status Not for loan Home library Current library Shelving location Date acquired Total Checkouts Full call number Barcode Date last seen Price effective from Koha item type
        . .   30.05.2017   341.486 NAT REP12289 30.05.2017 30.05.2017 Repository